Marine biology
Պահպանված է:
| Հիմնական հեղինակ: | |
|---|---|
| Ձևաչափ: | Գիրք |
| Լեզու: | անգլերեն |
| Հրապարակվել է: |
McGraw-Hill Education
2016.
|
| Ցուցիչներ: |
Ավելացրեք ցուցիչ
Չկան պիտակներ, Եղեք առաջինը, ով նշում է այս գրառումը!
|
MARC
| LEADER | 00000nam a22000007a 4500 | ||
|---|---|---|---|
| 008 | 211026b ||||| |||| 00| 0 eng d | ||
| 020 | |a 978-007-802151-0 | ||
| 100 | |a CASTRO, Peter. | ||
| 245 | |a Marine biology |c Peter Castro, Michael E. Huber |g xv, 462p. | ||
| 250 | |b 10th ed.- |c Peter Castro, Michael E. Huber | ||
| 260 | |b McGraw-Hill Education |c 2016. |h New York |i 691291 |i 691290 - Science |l QH91 .C27 |m Marine biology - Textbooks. |m Huber, Michael. E. |m Title. | ||
| 942 | |a lcc |c BK |e j.o ifatola |f 26/ 10/ 2021 | ||
| 952 | |0 0 |1 0 |2 lcc |4 0 |6 QH0091 C27 |7 0 |9 3670 |a HOL |b HOL |c QZ |d 2021-10-26 |l 0 |o QH91 .C27 |p 2021-67406 |r 2021-10-26 00:00:00 |w 2021-10-26 |y BK | ||
| 952 | |0 0 |1 0 |2 ddc |4 0 |6 QH_91_000000000000000__C27 |7 0 |9 3671 |a HOL |b SL |d 2021-10-26 |l 0 |o QH91 .C27 |p 2021-67407 |r 2021-10-26 00:00:00 |w 2021-10-26 |y BK | ||
| 999 | |c 1824 |d 1824 | ||